[Event "76th ch-BUL SF 2012"]
[Site "Plovdiv BUL"]
[Date "2012.02.09"]
[Round "6"]
[White "Tsvetkov,I"]
[Black "Dobrev,Nay"]
[Result "1/2-1/2"]
[WhiteElo "2374"]
[BlackElo "2256"]
[WhiteFideId "2900831"]
[BlackFideId "2902419"]
[EventDate "2012.02.06"]

1. c4 Nf6 2. Nc3 d6 3. d4 Bf5 4. g3 e5 5. dxe5 dxe5 6. Qxd8+ Kxd8 7. Bg2 c6 8.
Nf3 Nbd7 9. O-O h6 10. Rd1 Kc7 11. b3 Bb4 12. Bb2 Rhe8 13. Rac1 g5 14. a3 Bf8
15. b4 Rad8 16. c5 Bg7 17. Nd2 Be6 18. Nde4 Nxe4 19. Nxe4 f5 20. Nd6 Rg8 21. e4
f4 22. Bf1 Bf8 23. Bc4 Rg6 24. Nf7 Bxf7 25. Bxf7 Rg7 26. Be6 Re7 27. Bxd7 Rdxd7
28. Rxd7+ Kxd7 29. Rd1+ Ke8 30. g4 Bg7 31. Kf1 Rd7 32. Rxd7 Kxd7 33. Ke2 b5 34.
cxb6 axb6 35. a4 b5 36. a5 Kc7 37. f3 Kb7 38. Bc3 Bf6 39. Kd3 Ka6 40. Kc2 Kb7
41. Kb3 Ka6 42. Be1 Be7 43. Bf2 Kb7 44. Bb6 Kb8 45. Bg1 Kb7 46. Bf2 Ka6 47. Kc3
Kb7 48. Bb6 Kc8 49. Kb3 Kb7 50. Ka3 Kc8 51. Kb3 Kb7 52. Kc3 Kc8 53. a6 Kb8 54.
h3 Kc8 55. Bg1 Kb8 56. Kd2 Kc8 57. Bb6 Kb8 58. Kc3 Kc8 59. Kb3 Kb8 60. a7+ Kb7
61. Kc3 Ka8 62. Bc7 Bf6 63. Bb6 Be7 64. Bf2 Bd6 65. Bg1 Be7 66. Bb6 Bd6 67. Bd8
Kxa7 68. Bf6 Kb7 69. Bg7 Be7 70. Bxh6 Kc7 71. Bg7 Kd6 1/2-1/2

[Event "76th ch-BUL SF 2012"]
[Site "Plovdiv BUL"]
[Date "2012.02.09"]
[Round "6"]
[White "Ruschukov,Boyan"]
[Black "Andreev,Sa"]
[Result "1/2-1/2"]
[WhiteElo "1993"]
[BlackElo "2201"]
[WhiteFideId "2911795"]
[BlackFideId "2911019"]
[EventDate "2012.02.06"]

1. d4 Nf6 2. c4 e6 3. Nc3 Bb4 4. e3 Bxc3+ 5. bxc3 b6 6. Nf3 Bb7 7. Bd3 d6 8. a4
a5 9. O-O Qe7 10. Re1 c5 11. e4 e5 12. d5 Nbd7 13. Nh4 g6 14. g3 O-O-O 15. Rb1
Kc7 16. f4 exf4 17. Bxf4 Ne8 18. Nf3 f6 19. g4 g5 20. Bg3 h5 21. gxh5 Ng7 22.
Be2 Qe8 23. Nd2 Nxh5 24. Bg4 Rb8 25. Bxh5 Qxh5 26. Qxh5 Rxh5 27. Rf1 Rbh8 28.
Rf2 Ba6 29. Rbf1 Re8 30. Rf5 Bc8 31. R5f2 Ba6 32. Rf5 Bc8 33. R5f2 Ba6 34. Rf5
Bc8 1/2-1/2

[Event "76th ch-BUL SF 2012"]
[Site "Plovdiv BUL"]
[Date "2012.02.09"]
[Round "6"]
[White "Pantev,T"]
[Black "Arnaudov,P"]
[Result "0-1"]
[WhiteElo "1863"]
[BlackElo "2121"]
[WhiteFideId "2911310"]
[BlackFideId "2901706"]
[EventDate "2012.02.06"]

1. d4 Nf6 2. Nf3 b5 3. g3 Bb7 4. Bg2 e6 5. a4 b4 6. c4 Qc8 7. O-O c5 8. Bg5 Be7
9. Nbd2 h6 10. Bf4 g5 11. Be3 Ng4 12. Qc2 d6 13. h3 Nxe3 14. fxe3 Nd7 15. Rf2
Qc7 16. Raf1 O-O-O 17. e4 cxd4 18. Nxd4 Ne5 19. Nb5 Qb6 20. a5 Qe3 21. a6 Bc6
22. Nb3 Rd7 23. N3d4 Bxb5 24. cxb5+ Rc7 25. Nc6 Bd8 26. Kh2 Rf8 27. Qd1 Qc5 28.
Nd4 Re8 29. e3 g4 30. Rc2 Qb6 31. Rff2 Re7 32. Qe1 Rc5 33. Qd1 Rec7 34. hxg4 Bg5
35. Rf4 Rxc2 36. Nxc2 Qc5 37. Rf2 Kd7 38. b3 Ke7 39. Rd2 Qc3 40. Ne1 Qxe3 41.
Rxd6 Rc1 42. Qd4 Rxe1 43. Qxe5 Qg1+ 44. Kh3 Re2 45. Rxe6+ fxe6 46. Qc7+ Ke8 47.
Qc8+ Kf7 48. Qb7+ Kg6 49. e5 Qxg2+ 50. Qxg2 Rxg2 51. b6 Rf2 0-1

[Event "76th ch-BUL SF 2012"]
[Site "Plovdiv BUL"]
[Date "2012.02.09"]
[Round "6"]
[White "Dimitrov,De"]
[Black "Janachkov,A"]
[Result "0-1"]
[WhiteElo "2104"]
[BlackElo "2212"]
[WhiteFideId "2911000"]
[BlackFideId "2901145"]
[EventDate "2012.02.06"]

1. Nf3 Nf6 2. d4 e6 3. c4 Bb4+ 4. Nbd2 Qe7 5. e3 O-O 6. Bd3 d6 7. e4 e5 8. d5
Na6 9. O-O Nc5 10. Qe2 a5 11. Bc2 Nh5 12. Nb3 Qf6 13. a3 Nxb3 14. Bxb3 Bc5 15.
Ne1 Nf4 16. Bxf4 exf4 17. Kh1 a4 18. Bd1 Bd7 19. Nd3 Bd4 20. f3 Rae8 21. Rb1 Kh8
22. Nf2 g5 23. h3 Rg8 24. Qc2 h5 25. e5 Qxe5 26. Qd2 Rg7 27. b4 Reg8 28. Nd3 Qf6
29. c5 Bb5 30. Bc2 Be3 31. Qd1 g4 32. fxg4 hxg4 33. Nf2 Qh6 34. Bd3 gxh3 35.
Nxh3 Rxg2 36. Bf5 Bxf1 37. Qxf1 Rg1+ 38. Qxg1 Rxg1+ 39. Rxg1 Bxg1 40. Kxg1 Qh5
41. Bc8 dxc5 0-1

[Event "76th ch-BUL SF 2012"]
[Site "Plovdiv BUL"]
[Date "2012.02.09"]
[Round "6"]
[White "Janchev,P"]
[Black "Ljangov,P"]
[Result "1-0"]
[WhiteElo "2118"]
[BlackElo "2101"]
[WhiteFideId "2903016"]
[BlackFideId "2901277"]
[EventDate "2012.02.06"]

1. e4 c5 2. Nf3 d6 3. d4 cxd4 4. Nxd4 Nf6 5. Nc3 Nc6 6. Bg5 e6 7. Qd2 a6 8.
O-O-O Bd7 9. f3 Be7 10. h4 h6 11. Be3 Qc7 12. g4 Nxd4 13. Bxd4 Bc6 14. Bh3 g5
15. hxg5 hxg5 16. Be3 Rg8 17. Qf2 Nd7 18. Ne2 O-O-O 19. Nd4 Kb8 20. Kb1 Rc8 21.
Rc1 Ne5 22. Nxc6+ Qxc6 23. Bf1 Rh8 24. Rh5 Rxh5 25. gxh5 Rh8 26. Be2 Nc4 27.
Bxc4 Qxc4 28. Rh1 d5 29. Bd4 f6 30. b3 Qc6 31. e5 f5 32. h6 Rh7 33. Qd2 Qc7 34.
Kb2 Qd8 35. Be3 f4 36. Bf2 Kc8 37. Qd4 Qc7 38. Rh5 Bd8 39. Be1 Qf7 40. Rh2 Bc7
41. Bb4 Qf5 42. Bc3 b6 43. a4 a5 44. Ka3 Rxh6 45. Rxh6 Qf8+ 46. b4 axb4+ 47.
Bxb4 Qxh6 48. Qc3 Kb7 49. a5 bxa5 50. Bxa5 Qf8+ 51. Bb4 Qa8+ 52. Kb3 Ba5 53.
Bxa5 Ka6 54. Qc7 Qb7+ 55. Qxb7+ Kxb7 56. Bd8 g4 57. fxg4 Kc8 58. Bg5 f3 59. Be3
Kd7 60. Kc3 1-0

[Event "76th ch-BUL SF 2012"]
[Site "Plovdiv BUL"]
[Date "2012.02.09"]
[Round "6"]
[White "Nikolov,J"]
[Black "Ninov,D"]
[Result "0-1"]
[WhiteElo "2097"]
[BlackElo "2117"]
[WhiteFideId "2906112"]
[BlackFideId "2911060"]
[EventDate "2012.02.06"]

1. e4 Nf6 2. e5 Nd5 3. d4 d6 4. Nf3 g6 5. Bc4 c6 6. O-O Bg7 7. h3 O-O 8. Qe2 Nb6
9. Bd3 d5 10. c3 a5 11. a4 Na6 12. Bf4 Nc7 13. Nbd2 f5 14. exf6 exf6 15. Rfe1
Bd7 16. Bc2 Re8 17. Qf1 Be6 18. Nb3 Nd7 19. Re3 Bf7 20. Rxe8+ Nxe8 21. Re1 Bf8
22. Re3 Nd6 23. Nbd2 Nc4 24. Nxc4 dxc4 25. Nd2 Nb6 26. Re1 Nd5 27. Bg3 b5 28.
Qe2 Ra7 29. Qf3 Re7 30. Re4 Bh6 31. Rxe7 Qxe7 32. Ne4 f5 33. Nd6 f4 34. Nxf7
Qe1+ 35. Kh2 fxg3+ 36. fxg3 Be3 37. Nh6+ Bxh6 38. Be4 Ne3 39. h4 Nf1+ 40. Kh3
Nd2 41. Qf6 Qxe4 42. Qd8+ Kf7 43. Qd7+ Qe7 44. Qxc6 0-1

[Event "76th ch-BUL SF 2012"]
[Site "Plovdiv BUL"]
[Date "2012.02.09"]
[Round "6"]
[White "Yordanova,S"]
[Black "Kolev,H"]
[Result "1/2-1/2"]
[WhiteTitle "WIM"]
[WhiteElo "2143"]
[BlackElo "1798"]
[WhiteFideId "2905108"]
[BlackFideId "2903849"]
[EventDate "2012.02.06"]

1. e4 c5 2. c3 g6 3. Nf3 Bg7 4. d4 cxd4 5. cxd4 d5 6. exd5 Nf6 7. Nc3 Nxd5 8.
Bc4 Nf6 9. Ne5 O-O 10. Qb3 e6 11. Be3 a6 12. O-O b5 13. Be2 Nd5 14. Bf3 Nxe3 15.
fxe3 Ra7 16. Nd3 Nd7 17. a4 bxa4 18. Nxa4 Qe7 19. Nb4 Bb7 20. Nc6 Bxc6 21. Bxc6
Rb8 22. Qa2 Qb4 23. Rf3 a5 24. Raf1 Nf8 25. d5 Qb3 26. Qxb3 Rxb3 27. e4 Rxf3 28.
Rxf3 exd5 29. exd5 Be5 30. Rb3 Nd7 31. g3 Kf8 32. Kg2 Ke7 33. Nc3 Bxc3 34. bxc3
a4 35. Ra3 Nb6 36. Kf3 Kd6 37. Ke4 Ra5 38. c4 Nxc4 39. Rxa4 Rxa4 40. Bxa4 Nb6
41. Bb3 f6 42. Ba2 1/2-1/2

[Event "76th ch-BUL SF 2012"]
[Site "Plovdiv BUL"]
[Date "2012.02.09"]
[Round "6"]
[White "Velikov,V"]
[Black "Asparuhov,P"]
[Result "1/2-1/2"]
[WhiteElo "1844"]
[BlackElo "2103"]
[WhiteFideId "2912856"]
[BlackFideId "2905647"]
[EventDate "2012.02.06"]

1. e4 e6 2. d4 d5 3. exd5 exd5 4. Bd3 Nf6 5. Bf4 Be7 6. Nf3 Bg4 7. O-O O-O 8. c3
c6 9. Nbd2 Nbd7 10. h3 Bh5 11. Qc2 Bg6 12. Bxg6 hxg6 13. Rfe1 Re8 14. Re2 Bf8
15. Rae1 Rxe2 16. Rxe2 Qa5 17. a3 Qb5 18. Re1 Re8 19. Rxe8 Nxe8 20. Ne5 Nxe5 21.
Bxe5 Qe2 22. Qc1 Bd6 23. Nf3 Bxe5 24. dxe5 Nc7 25. Qd2 Qxd2 26. Nxd2 Ne6 27. b4
Kf8 28. g3 b6 29. Kf1 Ke7 30. h4 Kd7 31. Ke2 c5 32. Nf3 Kc6 33. Ng5 Nxg5 34.
hxg5 Kb5 35. Kd3 Kc6 36. f4 Kd7 37. g4 a5 38. bxa5 bxa5 39. a4 Ke6 40. Ke3 Ke7
41. Kd3 1/2-1/2

[Event "76th ch-BUL SF 2012"]
[Site "Plovdiv BUL"]
[Date "2012.02.09"]
[Round "6"]
[White "Roydov,P"]
[Black "Stankov,A"]
[Result "0-1"]
[WhiteElo "1780"]
[BlackElo "1916"]
[WhiteFideId "2908654"]
[BlackFideId "2904152"]
[EventDate "2012.02.06"]

1. d4 Nf6 2. c4 e6 3. Nc3 c5 4. d5 exd5 5. cxd5 g6 6. e4 d6 7. Bg5 Bg7 8. Bb5+
Bd7 9. Bxd7+ Nbxd7 10. Nge2 a6 11. O-O b5 12. f3 O-O 13. Qc1 Ne5 14. Kh1 Re8 15.
Qf4 Nd3 16. Qh4 Nxb2 17. Ng3 Qe7 18. Rae1 Qe5 19. Nge2 h6 20. Bxh6 Bxh6 21. Qxh6
b4 22. Nb1 c4 23. Nd2 Rac8 24. f4 Qh5 25. Qxh5 gxh5 26. Ng3 Nd3 27. Re3 Nb2 28.
Nf5 Rcd8 29. Rg3+ Kf8 30. e5 dxe5 31. fxe5 Rxe5 32. Nh6 Rd6 33. Rgf3 c3 34. Nb3
Rexd5 35. Nf5 Rb6 36. Ne3 Rdd6 37. Na5 Re6 38. Nb3 Rbd6 39. Nc5 Re5 40. Rxf6
Rxf6 41. Nd7+ Kg7 42. Rxf6 Rxe3 43. Rf1 c2 44. Nc5 Nd1 45. Nb3 Rxb3 0-1

[Event "76th ch-BUL SF 2012"]
[Site "Plovdiv BUL"]
[Date "2012.02.09"]
[Round "6"]
[White "Petrov,Pl"]
[Black "Mogilarov,D"]
[Result "1-0"]
[WhiteElo "1890"]
[BlackElo "2189"]
[WhiteFideId "2904071"]
[BlackFideId "2905248"]
[EventDate "2012.02.06"]

1. e4 c5 2. c3 d5 3. exd5 Qxd5 4. d4 Nf6 5. Nf3 e6 6. c4 Qd8 7. Nc3 cxd4 8. Qxd4
Bd7 9. Bf4 Nc6 10. Qd2 Bb4 11. Bd3 Qa5 12. O-O O-O 13. Rfc1 e5 14. Bg5 Rfe8 15.
Bxf6 gxf6 16. Qh6 f5 17. Ng5 Nd8 18. Nd5 1-0

[Event "76th ch-BUL SF 2012"]
[Site "Plovdiv BUL"]
[Date "2012.02.10"]
[Round "7"]
[White "Arnaudov,G"]
[Black "Enchev,I"]
[Result "1-0"]
[WhiteTitle "IM"]
[BlackTitle "IM"]
[WhiteElo "2473"]
[BlackElo "2430"]
[WhiteFideId "2907127"]
[BlackFideId "2907712"]
[EventDate "2012.02.06"]

1. Nf3 Nf6 2. c4 c5 3. Nc3 b6 4. g3 Bb7 5. Bg2 g6 6. O-O Bg7 7. d4 cxd4 8. Qxd4
O-O 9. Qh4 d6 10. Bh6 Nbd7 11. Rac1 Rc8 12. b3 a6 13. Rfd1 Rc5 14. Bxg7 Kxg7 15.
b4 Rc8 16. Nd5 b5 17. Nd4 Ba8 18. Nxf6 Nxf6 19. Bxa8 Rxa8 20. c5 d5 21. e4 e6
22. e5 Nd7 23. Qf4 Qe7 24. Re1 h6 25. Qe3 Rfc8 26. c6 Nb8 27. Rc5 Ra7 28. Rec1
Rac7 29. h4 Qe8 30. Qc3 Kh7 31. Kg2 Kg7 32. f4 Qe7 33. Rc2 Qe8 34. Rc1 Kh7 35.
Qc2 h5 36. a4 bxa4 37. Qxa4 Kg8 38. R1c3 Kf8 39. Qc2 Kg8 40. Kh3 Kh7 41. Qa4 Kg8
42. Rc1 Kg7 43. R1c2 Kg8 44. b5 axb5 45. Nxb5 Rxc6 46. Rxc6 Rxc6 47. Na7 1-0

[Event "76th ch-BUL SF 2012"]
[Site "Plovdiv BUL"]
[Date "2012.02.10"]
[Round "7"]
[White "Pantev,V"]
[Black "Genov,Peta"]
[Result "0-1"]
[WhiteTitle "FM"]
[BlackTitle "GM"]
[WhiteElo "2389"]
[BlackElo "2463"]
[WhiteFideId "2901390"]
[BlackFideId "2900211"]
[EventDate "2012.02.06"]

1. d4 Nf6 2. Nf3 c5 3. c3 b6 4. Bf4 Bb7 5. e3 g6 6. h3 Bg7 7. Be2 O-O 8. O-O d6
9. a4 a6 10. Qb3 Nbd7 11. Rd1 Rb8 12. Na3 Nd5 13. Bh2 Nc7 14. c4 cxd4 15. exd4
Be4 16. Nb1 Ne6 17. Qe3 Bb7 18. Nc3 Re8 19. Rac1 Rc8 20. d5 Nef8 21. b4 a5 22.
b5 Nc5 23. Ne4 Nxe4 24. Qxe4 e5 25. dxe6 0-1

[Event "76th ch-BUL SF 2012"]
[Site "Plovdiv BUL"]
[Date "2012.02.10"]
[Round "7"]
[White "Milchev,N"]
[Black "Nikolov,Sas"]
[Result "1/2-1/2"]
[WhiteTitle "IM"]
[BlackTitle "IM"]
[WhiteElo "2434"]
[BlackElo "2407"]
[WhiteFideId "2906090"]
[BlackFideId "2900297"]
[EventDate "2012.02.06"]

1. c4 e6 2. Nf3 b6 3. g3 Bb7 4. Bg2 Nf6 5. O-O Be7 6. b3 O-O 7. Bb2 c5 8. e3 d6
9. Nc3 Nbd7 10. d4 a6 11. Qc2 cxd4 12. exd4 Rc8 13. d5 exd5 14. Nd4 b5 15. cxb5
axb5 16. Ndxb5 Ne4 17. Qe2 Re8 18. Rfd1 Ndf6 19. Nxe4 Nxe4 20. Bd4 Ba6 21. a4
Bf6 22. Qb2 Bxd4 23. Nxd4 Qf6 24. b4 Nc3 25. b5 Bb7 26. Rd2 Rc4 27. Nc6 Rxa4 28.
Rxa4 Nxa4 29. Qxf6 Re1+ 30. Bf1 gxf6 31. Ra2 Nc5 32. f3 Kg7 33. Kf2 Rb1 34. Rd2
Ne6 35. Rxd5 Nc7 36. Rh5 Bxc6 37. bxc6 Rc1 38. Bd3 h6 39. Be4 d5 40. Bd3 Rxc6
41. f4 Rc5 42. Rh4 Rc3 43. Ke2 Ne6 44. Rg4+ Kf8 45. Rh4 Nc5 46. Bf5 Nb3 47. Rxh6
Nd4+ 48. Kd2 Nxf5 49. Rxf6 Nxg3 50. hxg3 Rxg3 51. Rf5 Kg7 52. Ke2 1/2-1/2

[Event "76th ch-BUL SF 2012"]
[Site "Plovdiv BUL"]
[Date "2012.02.10"]
[Round "7"]
[White "Dobrev,Nay"]
[Black "Nikolova,A"]
[Result "1/2-1/2"]
[BlackTitle "WGM"]
[WhiteElo "2256"]
[BlackElo "2296"]
[WhiteFideId "2902419"]
[BlackFideId "2908689"]
[EventDate "2012.02.06"]

1. d4 d5 2. c4 c6 3. e3 Nf6 4. Nf3 Bg4 5. Nbd2 e6 6. Bd3 Nbd7 7. h3 Bh5 8. Qc2
Bb4 9. O-O Qe7 10. b3 O-O 11. Bb2 Bg6 12. e4 dxe4 13. Nxe4 Nxe4 14. Bxe4 Bxe4
15. Qxe4 Ba3 16. Bc3 Bb4 17. Bb2 Ba3 18. Bc3 Bb4 19. Bb2 Ba3 1/2-1/2

[Event "76th ch-BUL SF 2012"]
[Site "Plovdiv BUL"]
[Date "2012.02.10"]
[Round "7"]
[White "Ibryamov,Ilhan"]
[Black "Tsvetkov,I"]
[Result "0-1"]
[WhiteElo "2115"]
[BlackElo "2374"]
[WhiteFideId "2918854"]
[BlackFideId "2900831"]
[EventDate "2012.02.06"]

1. d4 d5 2. c4 e6 3. Nf3 c6 4. Nc3 dxc4 5. a4 Bb4 6. e3 b5 7. Bd2 a5 8. axb5
Bxc3 9. Bxc3 cxb5 10. b3 Bb7 11. bxc4 b4 12. Bd2 Nf6 13. Bd3 Nbd7 14. Qc2 O-O
15. Ng5 h6 16. Ne4 Qc7 17. Nxf6+ Nxf6 18. O-O Rfd8 19. f3 e5 20. d5 Nd7 21. e4
Nc5 22. Be2 Rdb8 23. Qb2 Bc8 24. Kh1 Bd7 25. f4 f6 26. Be3 a4 27. Bxc5 Qxc5 28.
fxe5 a3 29. Qb3 fxe5 30. Qf3 Rf8 31. Qb3 Ba4 32. Qd3 Rxf1+ 33. Rxf1 b3 34. Qc3
Qd4 35. Qb4 a2 36. Bg4 a1=Q 37. Be6+ Kh8 0-1

[Event "76th ch-BUL SF 2012"]
[Site "Plovdiv BUL"]
[Date "2012.02.10"]
[Round "7"]
[White "Kukov,V"]
[Black "Janchev,P"]
[Result "1-0"]
[WhiteTitle "IM"]
[WhiteElo "2414"]
[BlackElo "2118"]
[WhiteFideId "2906139"]
[BlackFideId "2903016"]
[EventDate "2012.02.06"]

1. d4 d6 2. Nf3 Nf6 3. g3 c6 4. Bg2 Nbd7 5. c4 e5 6. Nc3 Be7 7. e4 O-O 8. O-O
Re8 9. h3 a6 10. a4 a5 11. Be3 Bf8 12. Qc2 Qc7 13. Nh4 g6 14. Rad1 Bg7 15. d5
Nc5 16. f4 exf4 17. Bxc5 dxc5 18. gxf4 Nh5 19. e5 g5 20. d6 Qd8 21. fxg5 Rxe5
22. Ne4 Bd7 23. Qf2 Rxe4 24. Bxe4 Qxg5+ 25. Ng2 Rf8 26. Bf5 Bxf5 27. Qxf5 h6 28.
h4 Qxf5 29. Rxf5 Ng3 30. Rxc5 Bd4+ 31. Rxd4 Ne2+ 32. Kf2 Nxd4 33. Rxa5 Rd8 34.
Ra7 b6 35. Rb7 Rxd6 36. Rxb6 Rd7 37. b4 Ra7 38. a5 c5 39. b5 Rxa5 40. Ra6 Rxa6
41. bxa6 Nc6 42. Ne3 Kg7 43. Kg3 Kg6 44. Nd5 Na7 45. Kg4 f5+ 46. Kg3 f4+ 47.
Kxf4 Kh5 48. Kg3 Kg6 49. Kg4 h5+ 50. Kf4 Kh6 51. Ne7 Kg7 52. Ke5 Kf7 53. Kd6 Kf6
54. Nc6 1-0

[Event "76th ch-BUL SF 2012"]
[Site "Plovdiv BUL"]
[Date "2012.02.10"]
[Round "7"]
[White "Andreev,Sa"]
[Black "Vutov,M"]
[Result "1-0"]
[WhiteElo "2201"]
[BlackElo "2352"]
[WhiteFideId "2911019"]
[BlackFideId "2903431"]
[EventDate "2012.02.06"]

1. c4 Nf6 2. Nc3 g6 3. e4 d6 4. d4 Bg7 5. Nf3 O-O 6. h3 Na6 7. Be3 Qe8 8. Be2 e5
9. dxe5 dxe5 10. O-O b6 11. a3 Bb7 12. Qc2 Nh5 13. Rfe1 Nf4 14. Bf1 Ne6 15. Rad1
Rd8 16. b4 Nd4 17. Bxd4 exd4 18. Nd5 c5 19. b5 Nb8 20. Qa4 Bxd5 21. cxd5 a5 22.
e5 Rxd5 23. Bc4 Qd7 24. Qb3 Rd8 25. Ng5 a4 26. Qa2 Rxe5 27. Rxe5 Bxe5 28. Nxf7 1-0

[Event "76th ch-BUL SF 2012"]
[Site "Plovdiv BUL"]
[Date "2012.02.10"]
[Round "7"]
[White "Ninov,D"]
[Black "Pantev,T"]
[Result "1-0"]
[WhiteElo "2117"]
[BlackElo "1863"]
[WhiteFideId "2911060"]
[BlackFideId "2911310"]
[EventDate "2012.02.06"]

1. d4 Nf6 2. Nf3 e6 3. Bf4 b6 4. e3 c5 5. Be2 Be7 6. O-O O-O 7. c4 Bb7 8. Nc3
cxd4 9. Nxd4 d6 10. Ndb5 e5 11. Bg5 a6 12. Bxf6 gxf6 13. Na3 f5 14. Nc2 Nd7 15.
Bf3 e4 16. Be2 Ne5 17. Nd5 Bf6 18. Nf4 Ng6 19. Nd5 Bxd5 20. Qxd5 Bxb2 21. Rad1
Be5 22. f4 exf3 23. Bxf3 Rc8 24. Qd3 Qh4 25. g3 Qxc4 26. Nd4 Qxa2 27. Nxf5 Rc3
28. Qe4 Qc2 29. Qg4 Rc4 30. Qg5 Rc5 31. Bd5 Rc7 32. Rd4 Qe2 33. Rh4 Rfc8 34.
Rxh7 Kxh7 35. Qh6+ Kg8 36. Qxg6+ Kh8 37. Bxf7 Rxf7 38. Qxf7 Rc2 39. Qf8+ Kh7 40.
Qh6+ 1-0

[Event "76th ch-BUL SF 2012"]
[Site "Plovdiv BUL"]
[Date "2012.02.10"]
[Round "7"]
[White "Slavov,H"]
[Black "Kolev,H"]
[Result "1/2-1/2"]
[WhiteElo "1791"]
[BlackElo "1798"]
[WhiteFideId "2911345"]
[BlackFideId "2903849"]
[EventDate "2012.02.06"]

1. d4 Nf6 2. Nd2 d6 3. e4 g6 4. f4 Bg7 5. Bd3 e5 6. dxe5 dxe5 7. fxe5 Ng4 8. Nc4
Nc6 9. Nf3 Ngxe5 10. Ncxe5 Nxe5 11. Nxe5 Bxe5 12. Bb5+ c6 13. Qxd8+ Kxd8 14. Bc4
f6 15. c3 Kc7 16. O-O Re8 17. Be3 Be6 18. Bxe6 Rxe6 19. Rad1 b6 20. Bd4 Rae8 21.
Bxe5+ Rxe5 22. Rxf6 Rxe4 23. Rf7+ R8e7 24. Rxe7+ Rxe7 25. Kf2 Rd7 26. Rxd7+ Kxd7
27. Ke3 Ke6 28. Kf4 h6 29. h4 Kf6 30. b4 b5 31. Ke4 Ke6 32. Kd4 Kd6 33. g4 g5
34. h5 a6 35. a3 Ke6 36. Kc5 Ke5 37. Kxc6 Kf4 38. Kb6 Kxg4 39. Kxa6 Kxh5 40.
Kxb5 g4 41. c4 g3 42. c5 g2 43. c6 g1=Q 44. c7 Qc1 45. Kb6 Qxa3 46. c8=Q Qxb4+
47. Ka6 Qd6+ 48. Ka5 Qf4 49. Qh3+ Kg5 50. Qg2+ Kh5 51. Qh3+ Kg6 52. Qe6+ Qf6 53.
Qg8+ Kf5 54. Qh7+ Ke5 55. Qc7+ Qd6 56. Qg7+ Kd5 57. Qb7+ Qc6 58. Qf7+ Kc5 59.
Qf5+ Qd5 60. Qc8+ Kd4+ 61. Kb4 Qd6+ 62. Kb5 Qe5+ 63. Kb4 Qe1+ 64. Kb3 Qd1+ 65.
Kb2 Qe2+ 66. Kb3 Qe3+ 67. Kb2 Qe5 68. Kc2 Qe2+ 69. Kc1 h5 70. Qh8+ Kd3 71. Qh7+
Ke3 72. Qh6+ Kf2 73. Qf6+ Kg3 74. Qg5+ Kh3 75. Qf5+ Kg2 76. Qg5+ Kf2 77. Qh4+
Ke3 78. Qg5+ Kd3 79. Qd5+ Ke3 80. Qg5+ Kd4 81. Qd8+ Ke3 1/2-1/2

[Event "76th ch-BUL SF 2012"]
[Site "Plovdiv BUL"]
[Date "2012.02.10"]
[Round "7"]
[White "Nikolov,J"]
[Black "Yordanova,S"]
[Result "1-0"]
[BlackTitle "WIM"]
[WhiteElo "2097"]
[BlackElo "2143"]
[WhiteFideId "2906112"]
[BlackFideId "2905108"]
[EventDate "2012.02.06"]

1. d4 d6 2. c4 e5 3. dxe5 dxe5 4. Qxd8+ Kxd8 5. Nf3 f6 6. a3 Be6 7. e3 a5 8. b3
c6 9. Nc3 Kc7 10. Bb2 Nd7 11. Nd2 Nh6 12. Be2 Be7 13. O-O Rhd8 14. Rfd1 Nc5 15.
Nce4 Bf5 16. Nxc5 Bxc5 17. Bc3 Bd3 18. Kf1 Be7 19. Ke1 Bc2 20. Rdc1 Bg6 21. Rd1
Nf5 22. b4 axb4 23. axb4 Rxa1 24. Rxa1 Nd6 25. f3 Kb8 26. Kf2 Ne8 27. c5 Nc7 28.
e4 Bf7 29. g3 Ne6 30. Bc4 Ng5 31. Bxf7 Nxf7 32. Ke3 Rd7 33. Nc4 Bd8 34. f4 exf4+
35. gxf4 Bc7 36. Rg1 Nd8 37. f5 Re7 38. h4 Ka7 39. Ra1+ Kb8 40. Rg1 Ka7 41. h5
h6 42. Rg6 Rf7 43. Nd6 Bxd6 44. cxd6 Ka6 45. e5 fxe5 46. Ke4 Kb5 47. Bxe5 Kxb4
48. Bxg7 c5 49. Bxh6 c4 50. Bg5 Nc6 51. h6 c3 52. Rg7 Rf8 53. Rxb7+ Kc5 54. Rb3
Kc4 55. Rb1 Re8+ 56. Kf4 Nd4 57. Rf1 c2 58. Kg3 Rg8 59. h7 Rh8 60. Bf6 Rxh7 61.
Be5 Rf7 62. Kg4 Kd5 63. Bf4 Rg7+ 64. Kh5 Ke4 65. f6 Rh7+ 66. Kg6 Rh4 67. Bg5 1-0

[Event "76th ch-BUL SF 2012"]
[Site "Plovdiv BUL"]
[Date "2012.02.10"]
[Round "7"]
[White "Ljangov,P"]
[Black "Velikov,V"]
[Result "1-0"]
[WhiteElo "2101"]
[BlackElo "1844"]
[WhiteFideId "2901277"]
[BlackFideId "2912856"]
[EventDate "2012.02.06"]

1. e4 c5 2. Nf3 a6 3. g3 d6 4. Bg2 g6 5. O-O Bg7 6. d3 Nc6 7. Nc3 e6 8. Be3 Nd4
9. h3 Ne7 10. Qd2 O-O 11. Bh6 Nec6 12. Bxg7 Nxf3+ 13. Bxf3 Kxg7 14. Bg2 Nd4 15.
Nd1 e5 16. c3 Ne6 17. Kh2 f5 18. exf5 gxf5 19. f4 exf4 20. gxf4 Rf6 21. Ne3 Rb8
22. Qf2 b5 23. a3 Bb7 24. Bxb7 Rxb7 25. Qg2+ 1-0

[Event "76th ch-BUL SF 2012"]
[Site "Plovdiv BUL"]
[Date "2012.02.10"]
[Round "7"]
[White "Stankov,A"]
[Black "Dimitrov,De"]
[Result "0-1"]
[WhiteElo "1916"]
[BlackElo "2104"]
[WhiteFideId "2904152"]
[BlackFideId "2911000"]
[EventDate "2012.02.06"]

1. e4 c5 2. Nf3 Nc6 3. d4 cxd4 4. Nxd4 e5 5. Nb5 d6 6. c4 Be7 7. N1c3 a6 8. Na3
Be6 9. Be3 Bg5 10. Bxg5 Qxg5 11. Nc2 Nf6 12. Qd3 O-O 13. Rd1 Rfd8 14. b3 Rac8
15. Qd2 Qg6 16. f3 h5 17. h4 Na5 18. Na4 Qg3+ 19. Qf2 Qxf2+ 20. Kxf2 b5 21. Nb6
Rb8 22. Nd5 bxc4 23. b4 Nc6 24. Bxc4 Bxd5 25. Bxd5 Nxd5 26. Rxd5 Nxb4 27. Nxb4
Rxb4 28. Rhd1 Rb2+ 29. R1d2 Rxd2+ 30. Rxd2 Rb8 31. Rxd6 Rb2+ 32. Kg3 Rxa2 33.
Rd8+ Kh7 34. Rd7 Kg6 35. Rd6+ f6 36. Rd7 a5 37. Ra7 a4 38. Kh2 a3 39. Ra6 Ra1
40. Ra7 Kh6 41. Ra6 a2 42. Kg3 Kh7 43. Ra7 Kg8 44. Kh2 Kf8 45. Kg3 Ke8 46. Kh2
Kd8 47. Kg3 Kc8 48. Kh2 Kb8 49. Ra3 Kb7 50. Kg3 Kb6 51. Ra8 Kc5 52. Rc8+ Kd4 53.
Rd8+ Ke3 54. Ra8 g6 55. Ra3+ Ke2 56. Ra5 Kd2 57. Rd5+ Kc3 58. Ra5 Kb3 59. Rb5+
Ka4 60. Rb8 Rb1 0-1

[Event "76th ch-BUL SF 2012"]
[Site "Plovdiv BUL"]
[Date "2012.02.10"]
[Round "7"]
[White "Asparuhov,P"]
[Black "Petrov,Pl"]
[Result "1-0"]
[WhiteElo "2103"]
[BlackElo "1890"]
[WhiteFideId "2905647"]
[BlackFideId "2904071"]
[EventDate "2012.02.06"]

1. e4 e6 2. d4 d5 3. Nd2 Nf6 4. e5 Nfd7 5. f4 a6 6. Bd3 c5 7. c3 Nc6 8. Ndf3 b5
9. Ne2 Be7 10. O-O O-O 11. f5 Nb6 12. f6 gxf6 13. Bh6 fxe5 14. Nxe5 Nxe5 15.
dxe5 f5 16. Bxf8 Bxf8 17. Nf4 Bg7 18. Qe2 Qe8 19. Nh5 Ra7 20. Nf6+ Bxf6 21. exf6
Qg6 22. Qe5 Kf7 23. Qd6 Nd7 24. Qe7+ Kg8 25. Qd8+ 1-0

[Event "76th ch-BUL SF 2012"]
[Site "Plovdiv BUL"]
[Date "2012.02.10"]
[Round "7"]
[White "Mogilarov,D"]
[Black "Roydov,P"]
[Result "1-0"]
[WhiteElo "2189"]
[BlackElo "1780"]
[WhiteFideId "2905248"]
[BlackFideId "2908654"]
[EventDate "2012.02.06"]

1. e4 e5 2. Nf3 Nc6 3. Bc4 Bc5 4. b4 Bxb4 5. c3 Bd6 6. d4 Nf6 7. O-O O-O 8. Bg5
h6 9. Bh4 Qe7 10. Nbd2 Na5 11. Bd3 c6 12. Nxe5 Bxe5 13. f4 d6 14. fxe5 dxe5 15.
Rxf6 gxf6 16. Qh5 Kg7 17. Rf1 Rh8 18. Bxf6+ Qxf6 19. Rxf6 Kxf6 20. Qxe5+ Kg6 1-0